Personnalités au hasard #26 - Statistiques

Statistiques générales
  • Ce quiz a été pris 306 fois
  • Le résultat moyen est 10 sur 32
Statistiques - réponses
Par images Réponse % Correct
Jacques Chirac
94%
Shakira
85%
Lucas Hernandez
74%
RebeuDeter/Billy
74%
Danielle
72%
Jeremstar
65%
Mike Maignan
63%
David Hallyday
59%
Joyce Jonathan
57%
Freeze Corleone
45%
Greg Yega
45%
Bassem
43%
Paul de Saint Sernin
41%
Françoise Hardy
32%
Wiz Khalifa
30%
SZA
22%
Raquel Garrido
21%
Akon
17%
Clémence Botino
14%
Mark Harmon
7%
Michel Piccoli
7%
Tchéky Karyo
5%
Geri Halliwell
4%
Greta Garbo
3%
Nate Dogg
3%
Camille Giry
2%
Kim Novak
2%
Naomi Watts
2%
Natalie Wood
2%
Charlotte Dhenaux
1%
Dorothea Lange
1%
Joan Fontaine
1%
Aucun quiz correspondant
Distribution des résultats
% des personnes avec chaque résultat
Percentile par nombre de réponses
Votre historique - résultats
Vous n’avez pas pris ce quiz